000 00696cab a2200217 4500
001 WB3023-40
008 090401t1994 xxu||||| |||| 00| 0 eng d
035 _a(Sirsi) u71464
041 _aeng
245 _aValuation profession in Poland
260 _c1994
350 _a0
490 _aRICS Press Release
_v(PR90/94comm) 6 June 1994 (2)
520 _aAt the invitation of the Polish Federation of Valuers` Association, Clive Lewis has become the first RICS president to visit Poland.
650 _aRICS PRESIDENT
650 _aVALUATION PROFESSION
690 _aOVERSEAS-EUROPE
690 _aMANAGEMENT-BUSINESS MANAGEMENT-PROFESSIONAL PRACTICE
942 _n0
948 _c04/03/1997
999 _c45056
_d45056